| 000 | 007780000a22002410004500 | ||
|---|---|---|---|
| 003 | LK-CoMWRAF | ||
| 005 | 20231113110123.0 | ||
| 008 | 230817t1988 ||||| |||| 00| 0 eng d | ||
| 020 | _a0029315 | ||
| 040 |
_aLK-CoMWRAF _dLK-CoMWRAF _eLK-CoMWRAF |
||
| 041 | _aeng | ||
| 082 |
_a305.42 _bCON |
||
| 245 |
_aConfronting the crisis in Latin America : _bwomen organizing for change |
||
| 260 |
_aSantiago: _bIsis International, _c[1988] |
||
| 300 |
_a 112 p. : ill. ; 24 cm. _bBibliography included |
||
| 490 |
_aBook Series _v1988/2 |
||
| 650 | _aWOMEN IN DEVELOPMENT--Latin America | ||
| 650 | _aWomen--Latin America--Social conditions | ||
| 650 | _aFeminism--Latin America | ||
| 700 |
_aStob, Barbara _etrans. _eed. |
||
| 700 |
_aTerrell, Nena _etrans. _eed. |
||
| 942 | _cBK | ||
| 999 |
_c2450 _d2450 |
||